| LEADER | 00841nam a2200229 a 4500 | ||
|---|---|---|---|
| 001 | GR-MES1901 | ||
| 008 | 991111s gr 000 b eng d | ||
| 020 | |a 0866221700 | ||
| 040 | |a GrPaTEI |b gre |c GR-PaULI | ||
| 245 | 0 | 0 | |a Discus health : |b Selection, care, diet, diseases and treatments for discus, angelfish and othr cichlids. |
| 260 | |a Canada : |b T.F.H, |c c1991 | ||
| 300 | |a 416σελ. : |b εικ. | ||
| 650 | 4 | |a Ασθένειες | |
| 650 | 4 | |a Διατροφή | |
| 650 | 4 | |a Ενυδρεία | |
| 650 | 4 | |a Ψάρια | |
| 700 | 1 | |a Friese, E. | |
| 710 | 0 | |a T.F.H | |
| 942 | |2 ddc | ||
| 952 | |0 0 |1 0 |2 ddc |4 0 |6 597_000000000000000_FRI |7 0 |9 266194 |a MSLG |b MSLG |c BSC |d 2021-01-17 |e 24 |f 0 |g 0.00 |l 0 |o 597 FRI |p 2420000005627 |r 2021-01-17 00:00:00 |t 1 |w 2021-01-17 |y BK15 |x 19991111 0 1 |x GrPaTEI | ||
| 971 | |a .b25729457 |b 15-04-20 |c 13-09-16 | ||
| 999 | |c 153087 |d 153087 | ||